00842nam a2200145 i 4500003000900000008004100009020002200050040007100072082002300143100002400166245031500190260005200505300003100557505010800588AR-CdUCM240801b20222022pe ||||| |||| 00| 0 que d  a978-612-00-7831-0  aMUNICIPALIDAD PROVINCIAL DEL CUSCOcBIBLIOTECA MUNICIPAL DEL CUSCO  a869.5 / S71VbS71V  aSoto Gamarra, Isaac  aEl Viejo Árbol y otros poemas urgentes /                                                                                                                                                                                                                                                                              aLima :c2022.bGrafica Imprime Tus Ideas S.A.C.  a60 páginas. :c14x20 cm.  aMis huellas perdidas -- Mis canas ni vida -- Soy -- Poeta andino -- Viento -- Balcón -- Poema mamá
